| 000 | 01457nam0a22003131 4500 | ||
|---|---|---|---|
| 001 | rc\2279460 | ||
| 005 | 20110829191500.1 | ||
| 035 | _a(NLR Aleph) 006548751 | ||
| 090 |
_a6716510 _c6716510 |
||
| 100 | _a20110829d1977 |||y0rusy50 ca | ||
| 101 | 0 | _arus | |
| 102 | _aRU | ||
| 105 | _aac z |||a| | ||
| 200 | 1 |
_aУраган _e[Повесть, роман и рассказы] _fЗорий Балаян _g[Худож. П. Малаян] |
|
| 210 |
_aЕреван _cСоветакан грох _d1977 |
||
| 215 |
_a328 с., 1 л. портр. _cил. _d21 |
||
| 327 | 1 | _aСодерж.: Два брата: Повесть; Боль: Роман; Рассказы: Дочь шамана; Эльхо; Пощечина; Ураган; Золотая медаль; Пролив Литке | |
| 464 | 0 | _12001#$aДва брата$eПовесть$aБоль$eРоман$aДочь шамана$eРассказ$aЭльхо$eРассказ$aПощечина$eРассказ$aУраган$eРассказ$aЗолотая медаль$eРассказ$aПролив Литке$eРассказ | |
| 686 |
_aШ5(2-Р)75-644 _2rubbk |
||
| 686 |
_aЩ897.56(2)Малаян,П. _2rubbk |
||
| 700 | 1 |
_aБалаян _bЗ. Г. _gЗорий Гайкович |
|
| 702 | 1 |
_aМалаян _bП. _4440 |
|
| 801 | 0 |
_aRU _bNLR _gpsbo |
|
| 801 | 1 |
_aRU _bELAR _2rusmarc |
|
| 852 |
_aNLR _j77-3/8342 |
||
| 899 |
_aRuMoRGB _jБ 77-45/374 |
||
| 899 |
_aRuMoRGB _jБ 77-45/375 |
||
| 942 | _cBOOK | ||
| 980 | _aNB | ||